Ελληνικό Microsoft Office System 2007 βήμα βήμα

Αποθηκεύτηκε σε:
Λεπτομέρειες βιβλιογραφικής εγγραφής
Κύριος συγγραφέας: Cox, Joyce, 1946-
Μορφή: Βιβλίο
Γλώσσα:Greek
English
Δημοσίευση: Αθήνα : Κλειδάριθμος, c2007.
Θέματα:
Ετικέτες: Προσθήκη ετικέτας
Δεν υπάρχουν, Καταχωρήστε ετικέτα πρώτοι!

MARC

LEADER 00000cam a2200000 i 4500
001 1/38530
008 131120s2007 gr | ||| |||| ||gre||
020 |a 9789604610877 
035 |l 10116036 
040 |a GR-MyUa  |b gre  |e AACR2 
041 1 |a gre  |h eng 
082 7 |a 005.369   |2 (22) 
100 1 |a Cox, Joyce,   |d 1946- 
245 0 0 |a Ελληνικό Microsoft Office System 2007 βήμα βήμα /   |c Joyce Cox ...[et al.]. 
260 |a Αθήνα :   |b Κλειδάριθμος,   |c c2007. 
300 |a 744 σ. :   |b εικ. ;   |c 23 εκ. 
500 |a Τίτλος πρωτοτύπου: 2007 Microsoft Office System step by step. 
500 |a Περιλαμβάνει ευρετήριο. 
630 0 0 |a Microsoft Office. 
650 0 |a Business  |x Computer programs. 
852 |a INST  |b CHIOS  |e 20131120  |h 005.369 ΕΛΛ  |p 005200037111  |q 005200037111  |t BK  |y 0 
852 |a INST  |b CHIOS  |e 20131121  |h 005.369 ΕΛΛ   |p 005200037102  |q 005200037102  |t BK  |y 0 
901 |a BIBL2-2013-3 
920 |a Εύδοξος  |b Επιστροφή  |y Χίος  |z 2013-11 
970 |a ΣΠΕΝΤΖΑ  |b ΕΛΕΝΗ  |z 2013/11/21